000
00231nam a22000857a 4500
999
_c
11144
_d
11144
008
180924b ||||| |||| 00| 0 eng d
100
_a
GOYAL, K. KAUSAL
_9
6908
245
_a
STEPHEN HAWKING
260
_a
NEW DELHI
_b
PIGEON PUBLICATION
_c
2018